000 00718nam a2200253Ia 4500
003 OSt
005 20230802110521.0
008 210716s1999 xx 000 0 und d
020 _a8121919274
040 _cAIMIT LIBRARY
041 _aeng
082 _a346.07
_21
_bPILR
100 _aPillai, R S N.
_9129077
245 _aBusiness law /
_cBy R S N Pillai.
250 _a1st ed.
260 _aNew Delhi :
_bS Chand and Company Ltd ,
_c1999.
300 _a421p. ;
_bPB
_c24 cm
650 _aBusiness Law
_9129078
651 _aVoid agreements
_9129079
651 _aDischarge of contracts
_9129080
651 _aContract of agency
_9129081
700 _aBagavathi.
_9129082
942 _2ddc
_cBK
_e1
_k346.07 PILR
999 _c197914
_d197914